ဒါဌာဝံသပါဌ်နှင့်ဓာတုဝံသပါဌ် / (Record no. 18460)

000 -LEADER
fixed length control field 00889nam a2200193Ia 4500
003 - CONTROL NUMBER IDENTIFIER
control field OSt
005 - DATE AND TIME OF LATEST TRANSACTION
control field 20241119182348.0
007 - PHYSICAL DESCRIPTION FIXED FIELD--GENERAL INFORMATION
fixed length control field ca aa aaaaa
008 - FIXED-LENGTH DATA ELEMENTS--GENERAL INFORMATION
fixed length control field 201103s9999 xx 000 0 und d
040 ## - CATALOGING SOURCE
Transcribing agency SSBUL
041 ## - LANGUAGE CODE
Language code of text/sound track or separate title bur
082 ## - DEWEY DECIMAL CLASSIFICATION NUMBER
Classification number ၂၉၄.၃၄၃၅၀၉
Item number ကု
100 ## - MAIN ENTRY--PERSONAL NAME
Personal name ကုမာရထေရ်၊ ဘဒ္ဒန္တ၊ အဂ္ဂမဟာပဏ္ဍိတ
9 (RLIN) 16980
245 10 - TITLE STATEMENT
Title ဒါဌာဝံသပါဌ်နှင့်ဓာတုဝံသပါဌ် /
Statement of responsibility, etc. အဂ္ဂမဟာပဏ္ဍိတဘဒ္ဒန္တကုမာရထေရ်၊၊
260 ## - PUBLICATION, DISTRIBUTION, ETC.
Place of publication, distribution, etc. ရန်ကုန် ၊
Name of publisher, distributor, etc. မဟာသိမ်တော်ကြီး ပရိယတ္တိစာသင်တိုက်၊
Date of publication, distribution, etc. ၂၀၀၈။
300 ## - PHYSICAL DESCRIPTION
Extent ဆ၊ ၂၆၉ စာမျက်နှာ ၊
Dimensions ၁၉ စင်တီ။
942 ## - ADDED ENTRY ELEMENTS (KOHA)
Koha item type Books (Long term)
Source of classification or shelving scheme
Source of classification or shelving scheme
Holdings
Withdrawn status Lost status Source of classification or shelving scheme Damaged status Not for loan Collection code Permanent Location Current Location Shelving location Date acquired Total Checkouts Full call number Barcode Date last seen Date last checked out Price effective from Koha item type Accession
          Myanmar Collection Shan State Buddhist University Library Shan State Buddhist University Library Myanmar Shelves 17/02/2023 2 ၂၉၄.၃၄၃၅၀၉ ကု ၆၆(၁) MB00000066 11/02/2025 05/02/2025 17/02/2023 Books (Long term) ၆၆(၁)
          Myanmar Collection Shan State Buddhist University Library Shan State Buddhist University Library Myanmar Shelves 17/02/2023   ၂၉၄.၃၄၃၅၀၉ ကု ၁၄၈(၂) MB00000148 07/08/2023   17/02/2023 Books (Long term) ၁၄၈(၂)
          Myanmar Collection Shan State Buddhist University Library Shan State Buddhist University Library Myanmar Shelves 17/02/2023   ၂၉၄.၃၄၃၅၀၉ ကု ၇၅၄(၃) MB00000754 07/08/2023   17/02/2023 Books (Long term) ၇၅၄(၃)

Library - 09407999929
Admin Office - 09407999979
Dean Office - 09250910768
Registrar Office - 09892297154
Email - [email protected]
Shan State Buddhist University, Phaya Phyu Taunggyi, Shan State, Myanmar.